| 000 | 00719nam a2200229 a 4500 | ||
|---|---|---|---|
| 005 | 20240803063718.0 | ||
| 008 | 091021s2006 mx r 000 0 spa d | ||
| 020 | _a987920171X (10 dígitos) | ||
| 020 | _a9789879201718 (13 dígitos) | ||
| 035 | _aUPN01000173353 | ||
| 049 | _aCG | ||
| 050 | 4 |
_aBF637 C4 _bG6.6 |
|
| 100 | 1 | _aGold, Stuart Avery | |
| 245 | 1 | 0 |
_aPing : _buna rana en busca de una nueva laguna / _cStuart Avery Gold ; tr. Nora Escoms. |
| 260 |
_aBuenos Aires : _bV&R, _c2006. |
||
| 300 |
_a95 p. : _bil. |
||
| 650 | 2 |
_aCambio (psicología) _94880 |
|
| 650 | 4 |
_aAdaptabilidad (Psicología) _9402 |
|
| 650 | 4 |
_aFábulas _98251 |
|
| 650 | 7 |
_aLiteratura infantil estadounidense _2 _99173 |
|
| 905 | _aLibro | ||
| 999 |
_c145457 _d145457 |
||